[Event "77th POL-ch"]
[Site "Warsaw POL"]
[Date "2020.07.24"]
[Round "2.4"]
[White "Sadzikowski, Daniel"]
[Black "Tomczak, Jacek"]
[Result "1-0"]
[WhiteElo "2374"]
[BlackElo "2563"]
[EventDate "2020.07.21"]
[PlyCount "91"]

1.e4 c5 2.Nf3 d6 3.Bb5+ Nd7 4.d4 a6 5.Bxd7+ Bxd7 6.dxc5 dxc5 7.O-O g6 8.
Nc3 Bg7 9.Be3 Bxc3 10.bxc3 Qc7 11.e5 h5 12.Re1 Bc6 13.h4 Qa5 14.c4 Kf8 15.
Bg5 Kg7 16.Qd3 Rd8 17.Qe3 Qb4 18.Qf4 Re8 19.Rad1 Qc3 20.Re2 Qb2 21.Qe3 Qb4
22.Qf4 Qa4 23.Red2 Qxa2 24.Kh2 Qa5 25.Rd3 Rh7 26.Ng1 Kh8 27.Ne2 Qc7 28.Qg3
Nh6 29.Bxh6 Rxh6 30.Nf4 Kg7 31.Qg5 b5 32.Rg3 Kh7 33.Nh3 Kg7 34.Nf4 Kh7 35.
Nh3 Bd7 36.Nf4 Bf5 37.Re1 b4 38.Nd5 Qd7 39.Ra1 Be4 40.Nf4 Qc6 41.Nh3 Bf5 
42.Qf4 Kg7 43.Qxf5 Rhh8 44.e6 Rhf8 45.Nf4 Kh7 46.Nxg6 1-0

[Event "77th POL-ch"]
[Site "Warsaw POL"]
[Date "2020.07.23"]
[Round "2.1"]
[White "Piorun, Kacper"]
[Black "Krasenkow, Michal"]
[Result "1/2-1/2"]
[WhiteElo "2601"]
[BlackElo "2602"]
[EventDate "2020.07.21"]
[PlyCount "81"]

1.e4 e5 2.Nf3 Nc6 3.Bb5 a6 4.Ba4 Nf6 5.O-O Nxe4 6.d4 b5 7.Bb3 d5 8.Nxe5 
Nxe5 9.dxe5 c6 10.c3 Bc5 11.Nd2 Nxd2 12.Bxd2 Bf5 13.Qf3 Qd7 14.Be3 Be7 15.
a4 O-O 16.Qe2 Qe6 17.f4 f6 18.axb5 axb5 19.Bd4 fxe5 20.Qxe5 Qxe5 21.Bxe5 
Bd3 22.Rxa8 Rxa8 23.Rc1 Rf8 24.g3 g5 25.Kf2 gxf4 26.gxf4 Bc5+ 27.Kf3 Be4+ 
28.Ke2 Rf5 29.Bc2 Rh5 30.Bxe4 Rxh2+ 31.Kf3 Rf2+ 32.Kg4 dxe4 33.b4 Bb6 34.
Kf5 e3 35.Rg1+ Kf7 36.Rg7+ Kf8 37.Ke6 Rh2 38.Rf7+ Ke8 39.Rg7 Kf8 40.Rf7+ 
Ke8 41.Rg7 1/2-1/2

[Event "77th POL-ch"]
[Site "Warsaw POL"]
[Date "2020.07.24"]
[Round "2.2"]
[White "Krasenkow, Michal"]
[Black "Piorun, Kacper"]
[Result "1/2-1/2"]
[WhiteElo "2602"]
[BlackElo "2601"]
[EventDate "2020.07.21"]
[PlyCount "178"]

1.Nf3 Nf6 2.c4 e6 3.Nc3 d5 4.d4 Bb4 5.Bg5 h6 6.Bxf6 Qxf6 7.Qa4+ Nc6 8.e3 
O-O 9.Rc1 Qg6 10.Qc2 Qxc2 11.Rxc2 Rd8 12.a3 Bf8 13.Nb5 Rd7 14.cxd5 exd5 
15.Bd3 a6 16.Nc3 Rd8 17.Na4 Bd6 18.h3 Ne7 19.g4 g6 20.Ne5 Kg7 21.Be2 Rb8 
22.b4 f6 23.Nd3 Kf7 24.Bf3 Rh8 25.Nc3 c6 26.Kd2 Be6 27.a4 Nc8 28.Nc5 Nb6 
29.Be2 Ke7 30.Ra1 Bf7 31.b5 Bxc5 32.dxc5 Nd7 33.bxc6 bxc6 34.Bxa6 Nxc5 35.
Nxd5+ Kd6 36.Rxc5 Kxc5 37.Nxf6 Rhd8+ 38.Ke1 Rb4 39.a5 Kd6 40.f3 Kc7 41.Ne4
Rb2 42.Be2 Ra2 43.Rxa2 Bxa2 44.Nc3 Be6 45.h4 c5 46.f4 Ra8 47.a6 c4 48.e4 
Rxa6 49.Kd2 Kd6 50.e5+ Kc5 51.Bf3 Ra3 52.Kc2 Kb4 53.Nd5+ Bxd5 54.Bxd5 Rc3+
55.Kb2 Re3 56.Bf7 c3+ 57.Kc2 Re2+ 58.Kc1 g5 59.hxg5 hxg5 60.fxg5 Rxe5 61.
Bg6 Rxg5 62.Bf5 Rg8 63.Kc2 Rd8 64.Bh7 Rd2+ 65.Kc1 Rg2 66.Bf5 Kc4 67.Kb1 
Re2 68.Bh7 Re8 69.Kc2 Rh8 70.Bf5 Rh2+ 71.Kc1 Kd4 72.Kd1 Rg2 73.Kc1 Ke3 74.
Kd1 Ra2 75.Kc1 Kd4 76.Bh7 Re2 77.Bf5 Rg2 78.Kd1 c2+ 79.Bxc2 Rxg4 80.Bf5 
Rg5 81.Bh7 Ke3 82.Kc2 Rc5+ 83.Kb3 Kd4 84.Bg6 Rc7 85.Bf5 Rg7 86.Kc2 Rg5 87.
Bh7 Rg2+ 88.Kb3 Rc2 89.Kxc2 Ke5 1/2-1/2

[Event "77th POL-ch"]
[Site "Warsaw POL"]
[Date "2020.07.24"]
[Round "2.3"]
[White "Piorun, Kacper"]
[Black "Krasenkow, Michal"]
[Result "1-0"]
[WhiteElo "2539"]
[BlackElo "2521"]
[EventDate "2020.07.21"]
[PlyCount "75"]

1.e4 e5 2.Bc4 Nf6 3.Nc3 Nc6 4.d3 Na5 5.Qf3 Bb4 6.Ne2 c6 7.a3 Bxc3+ 8.Nxc3 
Nxc4 9.dxc4 d6 10.b3 Be6 11.a4 O-O 12.Bg5 h6 13.Bh4 g5 14.Bg3 Ne8 15.O-O-O
Qe7 16.h4 g4 17.Qe3 Kh7 18.f4 gxf3 19.gxf3 Rg8 20.f4 Nf6 21.f5 Bd7 22.Rd3 
Rg4 23.Rhd1 Rag8 24.Be1 d5 25.cxd5 cxd5 26.Nxd5 Nxd5 27.Rxd5 Bc6 28.Rd6 f6
29.Qxa7 Qg7 30.Rxc6 bxc6 31.Rd7 Rxe4 32.Bd2 Rd4 33.Rxg7+ Rxg7 34.Qb6 Rxh4 
35.Qxc6 Rh2 36.Bb4 h5 37.Qxf6 h4 38.Bc3 1-0

[Event "77th POL-ch"]
[Site "Warsaw POL"]
[Date "2020.07.24"]
[Round "2.4"]
[White "Krasenkow, Michal"]
[Black "Piorun, Kacper"]
[Result "0-1"]
[WhiteElo "2521"]
[BlackElo "2539"]
[EventDate "2020.07.21"]
[PlyCount "78"]

1.Nf3 Nf6 2.c4 e6 3.Nc3 d5 4.d4 Bb4 5.Qa4+ Nc6 6.e3 O-O 7.Qc2 Re8 8.Bd2 
Bf8 9.Be2 Nb4 10.Qb1 c5 11.a3 Nc6 12.dxc5 Bxc5 13.b4 Bd6 14.O-O a6 15.Rd1 
Qe7 16.Be1 dxc4 17.Bxc4 b5 18.Be2 Bb7 19.Ra2 Ne5 20.Nxe5 Bxe5 21.f4 Bc7 
22.Bh4 Bb6 23.Qc1 Qc7 24.Bxf6 gxf6 25.Kh1 Red8 26.Rc2 Rxd1+ 27.Qxd1 Qe7 
28.Qe1 f5 29.Bf3 Bxf3 30.gxf3 Rd8 31.Rg2+ Kf8 32.Ne2 Qc7 33.Ng3 Qd6 34.Nf1
Qd1 35.Qf2 Bxe3 36.Qxe3 Qxf1+ 37.Rg1 Qd3 38.Qf2 Rc8 39.h4 Rc3 0-1

[Event "77th POL-ch"]
[Site "Warsaw POL"]
[Date "2020.07.23"]
[Round "2.1"]
[White "Gajewski, Grzegorz"]
[Black "Dziuba, Marcin"]
[Result "1/2-1/2"]
[WhiteElo "2618"]
[BlackElo "2585"]
[EventDate "2020.07.21"]
[PlyCount "81"]

1.d4 d5 2.c4 dxc4 3.e4 e5 4.Nf3 exd4 5.Bxc4 Nc6 6.O-O Be6 7.Bb5 Bc5 8.b4 
Bb6 9.a4 a6 10.Bxc6+ bxc6 11.Nbd2 Nf6 12.Ne5 Qd6 13.Nd3 Nd7 14.f4 f5 15.
exf5 Bxf5 16.Re1+ Kd8 17.Nc4 Qd5 18.Nxb6 cxb6 19.a5 b5 20.Bb2 Re8 21.Rxe8+
Kxe8 22.Qh5+ Kf8 23.Ne5 Be4 24.Nxd7+ Qxd7 25.Re1 Bf5 26.g4 Bxg4 27.Qxh7 
Re8 28.Qh8+ Kf7 29.Qxe8+ Qxe8 30.Rxe8 Kxe8 31.Bxd4 g6 32.Kf2 Kf7 33.Kg3 
Bf5 34.Kh4 Ke6 35.Kg5 Bb1 36.Bc5 Be4 37.Kh6 Kf7 38.h4 Bb1 39.Bd4 Be4 40.
Kg5 Ke6 41.Bc5 1/2-1/2

[Event "77th POL-ch"]
[Site "Warsaw POL"]
[Date "2020.07.24"]
[Round "2.2"]
[White "Dziuba, Marcin"]
[Black "Gajewski, Grzegorz"]
[Result "1/2-1/2"]
[WhiteElo "2585"]
[BlackElo "2618"]
[EventDate "2020.07.21"]
[PlyCount "110"]

1.d4 Nf6 2.c4 e6 3.Nc3 Bb4 4.e3 O-O 5.Bd2 d5 6.Nf3 b6 7.cxd5 exd5 8.Bd3 
Bb7 9.O-O Re8 10.Ne5 Nbd7 11.f4 Bxc3 12.Bxc3 Ne4 13.Qh5 Qe7 14.Bxe4 dxe4 
15.Nxd7 Qxd7 16.d5 f6 17.d6 Qf7 18.Qh4 Rad8 19.dxc7 Qxc7 20.Rac1 Qf7 21.g4
Ba6 22.Rf2 Rd3 23.Qg3 Red8 24.f5 h6 25.h4 Qd5 26.g5 Rd1+ 27.Rxd1 Qxd1+ 28.
Kg2 Be2 29.gxf6 Bf3+ 30.Kh3 Qh1+ 31.Qh2 Qxh2+ 32.Kxh2 gxf6 33.Bxf6 Rf8 34.
Bd4 Rxf5 35.Rc2 Rf7 36.Rc6 Kh7 37.Be5 h5 38.Kg3 Bg4 39.Bf4 Rd7 40.a4 Bd1 
41.Rc4 Bf3 42.Rc6 Bd1 43.b4 Rg7+ 44.Kf2 Rg6 45.Rc7+ Rg7 46.Rc6 Rg6 47.Rc4 
Bxa4 48.Rxe4 Rg2+ 49.Kxg2 Bc6 50.Kf3 Kg6 51.b5 Bd5 52.Bb8 Kf5 53.Bxa7 
Bxe4+ 54.Ke2 Bc2 55.Bxb6 Ke5 1/2-1/2

[Event "77th POL-ch"]
[Site "Warsaw POL"]
[Date "2020.07.24"]
[Round "2.3"]
[White "Dziuba, Marcin"]
[Black "Gajewski, Grzegorz"]
[Result "0-1"]
[WhiteElo "2486"]
[BlackElo "2515"]
[EventDate "2020.07.21"]
[PlyCount "112"]

1.d4 Nf6 2.c4 e6 3.Nc3 Bb4 4.e3 O-O 5.Bd2 d5 6.Nf3 Re8 7.Bd3 c5 8.O-O cxd4
9.exd4 dxc4 10.Bxc4 a6 11.a3 Be7 12.Rc1 b5 13.Ba2 Bb7 14.Bg5 Nbd7 15.Re1 
Nb6 16.Ne5 Nfd5 17.Bxe7 Qxe7 18.Ne4 Rad8 19.Qd2 h6 20.Nc5 Rc8 21.Bb1 Nf6 
22.Rc3 Red8 23.Rg3 Nh5 24.Qc2 f5 25.Ng6 Qf7 26.Rc3 Rxc5 27.dxc5 Qxg6 28.c6
Bc8 29.Ba2 Nf4 30.Rg3 Qf6 31.c7 Rd6 32.h4 Kf8 33.Rd1 Rxd1+ 34.Qxd1 Nbd5 
35.Bxd5 Nxd5 36.Qc2 Qxh4 37.Qc6 Qe7 38.Rd3 Qd7 39.Qc5+ Kf7 40.Rd2 Bb7 41.
Rc2 Ne7 42.Kh2 Qd5 43.Qxd5 exd5 44.Re2 Ke8 45.Kg3 Kd7 46.Kf4 Nc6 47.Rd2 
Ne7 48.Rc2 Bc6 49.Ke5 Kxc7 50.Ke6 Nc8 51.Kxf5 Kd6 52.Kg6 d4 53.Kxg7 Nb6 
54.g4 Nc4 55.b3 d3 56.Rc3 Nb2 0-1

[Event "77th POL-ch"]
[Site "Warsaw POL"]
[Date "2020.07.24"]
[Round "2.4"]
[White "Gajewski, Grzegorz"]
[Black "Dziuba, Marcin"]
[Result "1-0"]
[WhiteElo "2515"]
[BlackElo "2486"]
[EventDate "2020.07.21"]
[PlyCount "43"]

1.e4 c5 2.Nf3 Nc6 3.Bb5 g6 4.Bxc6 dxc6 5.d3 Bg7 6.Nc3 Qc7 7.Be3 b6 8.h3 e5
9.a3 f5 10.exf5 gxf5 11.Qe2 Ne7 12.g4 fxg4 13.Ng5 h5 14.O-O-O Ng6 15.Nce4 
Qe7 16.Rdg1 Bd7 17.hxg4 h4 18.Nf3 Bh6 19.Bxh6 Rxh6 20.g5 Nf4 21.Qe3 Nd5 
22.gxh6 1-0

[Event "77th POL-ch"]
[Site "Warsaw POL"]
[Date "2020.07.26"]
[Round "3.2"]
[White "Heberla, Bartlomiej"]
[Black "Sadzikowski, Daniel"]
[Result "1/2-1/2"]
[WhiteElo "2572"]
[BlackElo "2507"]
[EventDate "2020.07.21"]
[PlyCount "69"]

1.d4 Nf6 2.c4 e6 3.Nf3 d5 4.Nc3 Bb4 5.e3 O-O 6.Bd2 Be7 7.Bd3 dxc4 8.Bxc4 
c5 9.dxc5 Bxc5 10.Qc2 Nbd7 11.Ng5 b6 12.Bd3 h6 13.Nh7 Ne5 14.Nxf6+ Qxf6 
15.Bh7+ Kh8 16.Ne4 Qe7 17.Nxc5 f5 18.Nd3 Nxd3+ 19.Qxd3 Kxh7 20.O-O Rd8 21.
Bb4 Rxd3 22.Bxe7 Ba6 23.Rfd1 Rc8 24.Bb4 Rxd1+ 25.Rxd1 Be2 26.Re1 Rc2 27.
Bc3 g5 28.h3 h5 29.h4 gxh4 30.Kh2 Kg6 31.a4 Kg5 32.Bd4 Bc4 33.f3 Be2 34.
Kh3 Rd2 35.Bc3 1/2-1/2

[Event "77th POL-ch"]
[Site "Warsaw POL"]
[Date "2020.07.26"]
[Round "3.3"]
[White "Heberla, Bartlomiej"]
[Black "Sadzikowski, Daniel"]
[Result "0-1"]
[WhiteElo "2527"]
[BlackElo "2374"]
[EventDate "2020.07.21"]
[PlyCount "134"]

1.d4 Nf6 2.c4 e6 3.Nf3 d5 4.Nc3 Bb4 5.e3 O-O 6.Bd2 Be7 7.cxd5 exd5 8.Bd3 
Nbd7 9.O-O c6 10.Qc2 h6 11.Rab1 Re8 12.b4 Bd6 13.Ne2 Ne4 14.Ng3 Nxg3 15.
hxg3 a6 16.a4 Nf6 17.b5 cxb5 18.axb5 a5 19.b6 Bd7 20.Bb5 a4 21.Ne5 Bxb5 
22.Rxb5 Qe7 23.Ra1 Rec8 24.Qa2 Bxe5 25.dxe5 Qxe5 26.Rb4 a3 27.Rd4 Rc4 28.
Bb4 Rxd4 29.exd4 Qxd4 30.Bxa3 Qxb6 31.Qc2 Qc6 32.Qb2 Re8 33.Rb1 h5 34.Rc1 
Qa4 35.Bc5 Qe4 36.Bd4 Qe1+ 37.Kh2 Ng4+ 38.Kh3 Qe6 39.Qb6 Nxf2+ 40.Kh2 Ng4+
41.Kh1 Qxb6 42.Bxb6 f6 43.Bg1 b5 44.Rc5 Rb8 45.Rxd5 b4 46.Bd4 b3 47.Bb2 
Re8 48.Bd4 b2 49.Rb5 Re1+ 50.Bg1 Nf2+ 51.Kh2 b1=Q 52.Rxb1 Rxb1 53.Bxf2 Kh7
54.Be3 Kg6 55.Bd4 Kf5 56.Bc5 Kg4 57.Ba7 Rb3 58.Bf2 Rd3 59.Be1 g5 60.Bf2 
Kf5 61.Bb6 Rd1 62.Bc5 g4 63.Be7 Ke4 64.Bxf6 Kd3 65.Bd4 Ke2 66.Bf2 Kf1 67.
Be3 Re1 0-1

[Event "77th POL-ch"]
[Site "Warsaw POL"]
[Date "2020.07.26"]
[Round "3.4"]
[White "Sadzikowski, Daniel"]
[Black "Heberla, Bartlomiej"]
[Result "1-0"]
[WhiteElo "2374"]
[BlackElo "2527"]
[EventDate "2020.07.21"]
[PlyCount "66"]

1.Nf3 Nf6 2.c4 g6 3.g3 Bg7 4.Bg2 d6 5.Nc3 O-O 6.O-O e5 7.d3 Re8 8.Rb1 c6 
9.e4 a6 10.b4 b5 11.a4 bxc4 12.dxc4 Bf8 13.Qe2 Nbd7 14.Rd1 Bb7 15.h3 Qc7 
16.Bd2 a5 17.b5 Nc5 18.Ne1 Ne6 19.Nc2 Nd4 20.Qd3 c5 21.Nd5 Bxd5 22.Nxd4 
Bxc4 23.Qxc4 exd4 24.b6 Qd7 25.Qb5 Qxb5 26.Rxb5 Nxe4 27.b7 Rab8 28.Bxa5 d5
29.Bxe4 dxe4 30.Bc7 e3 31.fxe3 dxe3 32.Bxb8 Rxb8 33.a5 Bg7 1-0

[Event "77th POL-ch"]
[Site "Warsaw POL"]
[Date "2020.07.25"]
[Round "3.1"]
[White "Gajewski, Grzegorz"]
[Black "Piorun, Kacper"]
[Result "1/2-1/2"]
[WhiteElo "2618"]
[BlackElo "2601"]
[EventDate "2020.07.21"]
[PlyCount "159"]

1.d4 Nf6 2.c4 e6 3.Nf3 d5 4.Nc3 Bb4 5.cxd5 exd5 6.Bg5 h6 7.Bh4 Nbd7 8.e3 
g5 9.Bg3 Ne4 10.Nd2 Nxg3 11.hxg3 c6 12.Bd3 Nb6 13.Qc2 Qe7 14.O-O-O Be6 15.
Kb1 O-O-O 16.a3 Bd6 17.Nb5 Kb8 18.Nxd6 Qxd6 19.Nb3 Nd7 20.Rh2 Nf6 21.Nc5 
Bc8 22.Bf5 b6 23.Nb3 Bxf5 24.Qxf5 Ne4 25.Nd2 Qf6 26.Qf3 Nxd2+ 27.Rxd2 Qg6+
28.Ka2 Rd6 29.g4 Re8 30.Qf5 Re4 31.Re2 Qg8 32.Rh3 Qe8 33.Rf3 f6 34.Rh3 c5 
35.dxc5 bxc5 36.Rxh6 Re5 37.Qd3 d4 38.Ka1 Qa4 39.Rc2 Rd7 40.Rh8+ Kc7 41.e4
Kb7 42.f3 a6 43.Rc4 Qb5 44.a4 Qb6 45.Rc3 Qc6 46.Rb3+ Kc7 47.Qc4 Qe6 48.
Qxe6 Rxe6 49.Kb1 Kd6 50.Rc8 Ree7 51.Rb6+ Ke5 52.Kc2 Rc7 53.Rxc7 Rxc7 54.
Rxa6 c4 55.g3 Rh7 56.Ra5+ Ke6 57.Ra6+ Ke5 58.Ra5+ Ke6 59.Rd5 Rh2+ 60.Kb1 
c3 61.bxc3 dxc3 62.a5 Rb2+ 63.Kc1 Ra2 64.Rc5 Kd6 65.Rf5 Ke6 66.Rb5 Rf2 67.
a6 Ra2 68.Rb6+ Ke5 69.Kb1 Ra3 70.Kc2 Kd4 71.Rxf6 Ra2+ 72.Kc1 Ra1+ 73.Kc2 
Ra2+ 74.Kb1 c2+ 75.Kc1 Kc3 76.Rc6+ Kd3 77.a7 Rxa7 78.Rxc2 Rf7 79.Ra2 Rxf3 
80.Ra5 1/2-1/2

[Event "77th POL-ch"]
[Site "Warsaw POL"]
[Date "2020.07.26"]
[Round "3.2"]
[White "Piorun, Kacper"]
[Black "Gajewski, Grzegorz"]
[Result "1/2-1/2"]
[WhiteElo "2601"]
[BlackElo "2618"]
[EventDate "2020.07.21"]
[PlyCount "63"]

1.e4 e5 2.Nf3 Nc6 3.Bb5 a6 4.Ba4 Nf6 5.O-O Nxe4 6.d4 Be7 7.Qe2 b5 8.d5 Nc5
9.dxc6 Nxa4 10.cxd7+ Bxd7 11.Nxe5 O-O 12.b3 Nb6 13.Bb2 Bf6 14.Nd2 Bxe5 15.
Qxe5 f6 16.Qf4 Nd5 17.Qe4 Be8 18.Rfd1 Bg6 19.Qe6+ Bf7 20.Qc6 Qe8 21.Qc5 
Qe7 22.Qxe7 Nxe7 23.Ne4 Rfd8 24.Nc5 Rxd1+ 25.Rxd1 Nd5 26.f3 a5 27.Kf2 a4 
28.a3 Nb6 29.g4 h6 30.Rd2 Bd5 31.Nd7 Bf7 32.Nxb6 1/2-1/2

[Event "77th POL-ch"]
[Site "Warsaw POL"]
[Date "2020.07.26"]
[Round "3.3"]
[White "Piorun, Kacper"]
[Black "Gajewski, Grzegorz"]
[Result "1/2-1/2"]
[WhiteElo "2539"]
[BlackElo "2515"]
[EventDate "2020.07.21"]
[PlyCount "138"]

1.e4 e5 2.Nf3 Nc6 3.Bb5 a6 4.Ba4 Nf6 5.O-O Nxe4 6.d4 Be7 7.Re1 b5 8.Rxe4 
d5 9.Nxe5 Nxe5 10.Rxe5 bxa4 11.Qe2 c6 12.Nc3 Ra7 13.Bf4 a3 14.bxa3 O-O 15.
Re1 Bxa3 16.Na4 Qa5 17.Nc5 Bxc5 18.dxc5 Rb7 19.Qe3 Qxa2 20.Qg3 Qxc2 21.h4 
Rb1 22.Rxb1 Qxb1+ 23.Kh2 f6 24.Re7 Qg6 25.Qxg6 hxg6 26.Rc7 Bf5 27.Rxc6 Rc8
28.Rxa6 Rxc5 29.Be3 Rc4 30.Rd6 Rxh4+ 31.Kg1 Ra4 32.Rxd5 Kf7 33.Rb5 Ra1+ 
34.Kh2 Rd1 35.Rb7+ Bd7 36.Rb6 g5 37.Rb2 Be6 38.Rb7+ Kg6 39.Rb5 Bd5 40.Rb2 
Bc6 41.Rb6 Be4 42.Ra6 Rd5 43.Ra4 Bf5 44.Ra6 Bd7 45.Rb6 Re5 46.Rd6 Be6 47.
Rb6 f5 48.Bd4 Re4 49.f3 Rxd4 50.Rxe6+ Kf7 51.Ra6 g4 52.Kg3 gxf3 53.gxf3 g6
54.Ra7+ Kf6 55.f4 Rd3+ 56.Kf2 Rb3 57.Rc7 Rb6 58.Kf3 Re6 59.Ra7 Re7 60.Ra6+
Kg7 61.Ra1 Rb7 62.Kg3 Rb3+ 63.Kg2 Rb6 64.Kg3 Kf6 65.Ra7 Ke6 66.Ra5 Rb3+ 
67.Kf2 Rd3 68.Ra6+ Rd6 69.Ra5 Rb6 1/2-1/2

[Event "77th POL-ch"]
[Site "Warsaw POL"]
[Date "2020.07.26"]
[Round "3.4"]
[White "Gajewski, Grzegorz"]
[Black "Piorun, Kacper"]
[Result "1/2-1/2"]
[WhiteElo "2515"]
[BlackElo "2539"]
[EventDate "2020.07.21"]
[PlyCount "127"]

1.c4 Nf6 2.Nc3 c5 3.Nf3 e6 4.e3 d5 5.cxd5 exd5 6.d4 a6 7.dxc5 Bxc5 8.Be2 
Nc6 9.O-O O-O 10.b3 Bg4 11.Bb2 Ba7 12.Nd4 Be6 13.Nxc6 bxc6 14.Na4 Ne4 15.
Ba3 Re8 16.Rc1 Bd7 17.Nc5 Nxc5 18.Bxc5 Bb8 19.Bf3 Bf5 20.Re1 Qf6 21.Bd4 
Qe6 22.Qd2 Bd6 23.g3 Ba3 24.Bb2 Bf8 25.b4 Be4 26.Be2 Rec8 27.f3 Bg6 28.Bd4
a5 29.bxa5 c5 30.Bc3 h5 31.Bd3 Bxd3 32.Qxd3 Be7 33.Red1 Rd8 34.Rb1 d4 35.
exd4 cxd4 36.Bd2 Qxa2 37.Re1 Bc5 38.Rb5 Rac8 39.Rc1 Ba7 40.Rxc8 Rxc8 41.
Rxh5 Qc2 42.Qxc2 Rxc2 43.Bf4 d3+ 44.Kf1 Ra2 45.Rd5 f6 46.h4 Kh7 47.h5 Ra1+
48.Kg2 Ra2+ 49.Kh3 Bf2 50.Kg4 Be1 51.Rxd3 Rxa5 52.Rd7 Kg8 53.h6 gxh6 54.
Bxh6 f5+ 55.Kf4 Bc3 56.Bg5 Kf8 57.Rb7 Be5+ 58.Kxf5 Bxg3+ 59.Kg6 Ra6+ 60.
Bf6 Be5 61.Rf7+ Kg8 62.f4 Bd4 63.Rg7+ Kf8 64.Rf7+ 1/2-1/2

[Event "77th POL-ch"]
[Site "Warsaw POL"]
[Date "2020.07.26"]
[Round "3.5"]
[White "Piorun, Kacper"]
[Black "Gajewski, Grzegorz"]
[Result "1-0"]
[WhiteElo "2542"]
[BlackElo "2539"]
[EventDate "2020.07.21"]
[PlyCount "101"]

1.e4 e5 2.Nf3 Nc6 3.Bb5 a6 4.Ba4 Nf6 5.O-O Nxe4 6.d4 Be7 7.Re1 b5 8.Rxe4 
d5 9.Nxe5 Nxe5 10.Rxe5 bxa4 11.Qe2 c6 12.Bf4 Ra7 13.Nc3 a3 14.bxa3 O-O 15.
Re3 Bxa3 16.Na4 Be7 17.Re1 Be6 18.Nc5 Bxc5 19.dxc5 Re8 20.Bd6 h6 21.Qd2 
Qg5 22.Qd4 Kh7 23.Rg3 Qf6 24.Be5 Bf5 25.f4 Rae7 26.Ree3 Rxe5 27.fxe5 Qe6 
28.c3 Rb8 29.h3 Bg6 30.Re2 Rb5 31.a4 Rb1+ 32.Kh2 a5 33.Rge3 Ra1 34.c4 Rxa4
35.cxd5 Rxd4 36.dxe6 fxe6 37.Ra2 a4 38.Rea3 Re4 39.Rxa4 Rxe5 40.Rc4 Bd3 
41.Rc3 Bb5 42.Ra7 Rg5 43.Rg3 Rxg3 44.Kxg3 Kg6 45.Kf4 Kf6 46.Rd7 Bc4 47.h4 
e5+ 48.Ke3 Bd5 49.Rd6+ Kf5 50.g4+ Kxg4 51.Rxd5 1-0

[Event "77th POL-ch"]
[Site "Warsaw POL"]
[Date "2020.07.26"]
[Round "3.6"]
[White "Gajewski, Grzegorz"]
[Black "Piorun, Kacper"]
[Result "1-0"]
[WhiteElo "2539"]
[BlackElo "2542"]
[EventDate "2020.07.21"]
[PlyCount "76"]

1.c4 Nf6 2.Nc3 c5 3.g3 g6 4.Bg2 Bg7 5.Nf3 O-O 6.d4 cxd4 7.Nxd4 Nc6 8.O-O 
Qa5 9.e3 Qb4 10.Qe2 Nxd4 11.exd4 Re8 12.a3 Qa5 13.b4 Qd8 14.h3 d6 15.Be3 
Rb8 16.Rfd1 Bd7 17.Rac1 Qc8 18.Kh2 b6 19.c5 bxc5 20.dxc5 dxc5 21.Bxc5 Bc6 
22.Bxc6 Qxc6 23.Bxa7 Ra8 24.Nd5 Qa4 25.Nxe7+ Kh8 26.Bc5 Ng8 27.b5 Nxe7 28.
Bxe7 Qa7 29.Bc5 Rxe2 30.Bxa7 Rxa7 31.Rd8+ Bf8 32.b6 Rxa3 33.b7 Rxf2+ 34.
Kg1 Raa2 35.b8=Q Rg2+ 36.Kf1 Rgf2+ 37.Ke1 Rae2+ 38.Kd1 Kg7 1-0

[Event "77th POL-ch"]
[Site "Warsaw POL"]
[Date "2020.07.26"]
[Round "3.7"]
[White "Gajewski, Grzegorz"]
[Black "Piorun, Kacper"]
[Result "0-1"]
[WhiteElo "2539"]
[BlackElo "2542"]
[EventDate "2020.07.21"]
[PlyCount "104"]

1.c4 Nf6 2.g3 g6 3.Bg2 Bg7 4.Nc3 O-O 5.e3 d6 6.Nge2 e5 7.d4 exd4 8.Nxd4 
Re8 9.O-O Nbd7 10.h3 Nc5 11.Qc2 a5 12.b3 h5 13.Bb2 h4 14.g4 c6 15.Rae1 Qe7
16.Rd1 Nh7 17.Nf3 f5 18.gxf5 Bxf5 19.Qe2 g5 20.Nd4 Bd7 21.Kh1 Kh8 22.Rg1 
Qf7 23.Qc2 Rf8 24.Rdf1 Rae8 25.Nce2 Qh5 26.Qd1 Nf6 27.Nc2 Nfe4 28.Bxg7+ 
Kxg7 29.Qd4+ Kh7 30.f3 Ng3+ 31.Nxg3 hxg3 32.Qxd6 Bxh3 33.Qxg3 Bf5+ 34.Qh2 
Qxh2+ 35.Kxh2 Bxc2 36.e4 Bd3 37.Re1 g4 38.fxg4 Bxe4 39.Bxe4+ Rxe4 40.Rxe4 
Nxe4 41.Re1 Rf4 42.Kh3 Kg6 43.Kh4 Kf6 44.Re2 Ke5 45.Re1 Rf8 46.Kh3 Rh8+ 
47.Kg2 Kf4 48.Rf1+ Kxg4 49.Rf7 Nc5 50.Kf2 Re8 51.Rg7+ Kf4 52.Rf7+ Ke4 0-1

[Event "77th POL-ch"]
[Site "Warsaw POL"]
[Date "2020.07.27"]
[Round "4.1"]
[White "Piorun, Kacper"]
[Black "Sadzikowski, Daniel"]
[Result "1/2-1/2"]
[WhiteElo "2601"]
[BlackElo "2507"]
[EventDate "2020.07.21"]
[PlyCount "79"]

1.e4 e5 2.Nf3 Nc6 3.Bb5 a6 4.Ba4 Nf6 5.O-O Be7 6.Re1 b5 7.Bb3 d6 8.a4 Bd7 
9.c3 O-O 10.d3 h6 11.Nbd2 Re8 12.Nf1 Bf8 13.Ne3 Na5 14.Bc2 c5 15.h3 b4 16.
Nd2 bxc3 17.bxc3 Bc6 18.Qf3 d5 19.exd5 Nxd5 20.Nxd5 Qxd5 21.Ne4 Re6 22.Ba3
Rg6 23.Kh2 Qe6 24.g4 c4 25.Bxf8 Rxf8 26.Qf5 Bxe4 27.Qxe4 f5 28.gxf5 Rxf5 
29.Re2 Rgf6 30.dxc4 Rf3 31.Kg1 Qxh3 32.Rb1 Nb3 33.Rd1 Nd4 34.cxd4 R6f4 35.
Qa8+ Kf7 36.Qd5+ Kf8 37.Qd6+ Kg8 38.Qd8+ Kf7 39.Qd5+ Kf8 40.Qd6+ 1/2-1/2

[Event "77th POL-ch"]
[Site "Warsaw POL"]
[Date "2020.07.28"]
[Round "4.2"]
[White "Sadzikowski, Daniel"]
[Black "Piorun, Kacper"]
[Result "1/2-1/2"]
[WhiteElo "2507"]
[BlackElo "2601"]
[EventDate "2020.07.21"]
[PlyCount "75"]

1.d4 Nf6 2.c4 e6 3.g3 d5 4.Bg2 dxc4 5.Nf3 c5 6.O-O Nc6 7.dxc5 Qxd1 8.Rxd1 
Bxc5 9.Nbd2 c3 10.bxc3 O-O 11.Nb3 Be7 12.c4 Bd7 13.Bb2 Rfd8 14.Ne5 Nxe5 
15.Bxe5 Rac8 16.Rab1 Bc6 17.Rxd8+ Bxd8 18.Bxc6 Rxc6 19.Nd4 Rb6 20.Rxb6 
Bxb6 21.Bxf6 gxf6 22.Nb3 f5 23.e3 Kf8 24.Kf1 Ke7 25.Ke2 Kd6 26.Kd3 Kc6 27.
Kc3 Bd8 28.a4 a6 29.Nd4+ Kc5 30.Nb3+ Kc6 31.Nc1 b5 32.axb5+ axb5 33.cxb5+ 
Kxb5 34.Kd3 Kc5 35.e4 fxe4+ 36.Kxe4 Kd6 37.Kf4 f5 38.g4 1/2-1/2

[Event "77th POL-ch"]
[Site "Warsaw POL"]
[Date "2020.07.28"]
[Round "4.3"]
[White "Sadzikowski, Daniel"]
[Black "Piorun, Kacper"]
[Result "1/2-1/2"]
[WhiteElo "2374"]
[BlackElo "2539"]
[EventDate "2020.07.21"]
[PlyCount "115"]

1.d4 Nf6 2.c4 g6 3.Nc3 Bg7 4.e4 d6 5.h3 O-O 6.Be3 c6 7.g4 e5 8.d5 Na6 9.
Nge2 cxd5 10.cxd5 Bd7 11.Ng3 Nc7 12.Qd2 b5 13.f3 b4 14.Nce2 a5 15.h4 Na6 
16.h5 Rc8 17.Bh6 Bxh6 18.Qxh6 Qe7 19.Bh3 Kh8 20.Kd2 Ng8 21.Qe3 g5 22.Nc1 
h6 23.Bf1 Nc5 24.Nd3 Nf6 25.Nxc5 dxc5 26.Bc4 Qd6 27.Ke2 Ne8 28.Kf2 Qb6 29.
Rac1 Nd6 30.Rhd1 a4 31.Kg2 Rc7 32.Qd3 Ra8 33.Nf1 Kg7 34.Ne3 Kf8 35.Qd2 f6 
36.Be2 Ke7 37.a3 Rb8 38.Rc2 Rcc8 39.Rdc1 bxa3 40.bxa3 Qa7 41.Bc4 Bb5 42.
Ba2 Bd7 43.Rc3 Rb5 44.Nc4 Nxc4 45.Bxc4 Rb6 46.R3c2 Kd6 47.Rb2 Rxb2 48.Qxb2
Rb8 49.Qc3 Qb6 50.Kf2 Qb2+ 51.Qxb2 Rxb2+ 52.Ke3 Bb5 53.Bxb5 Rxb5 54.Kd3 
Rb3+ 55.Rc3 Rb2 56.Rc2 Rb3+ 57.Rc3 Rb2 58.Rc2 1/2-1/2

[Event "77th POL-ch"]
[Site "Warsaw POL"]
[Date "2020.07.28"]
[Round "4.4"]
[White "Piorun, Kacper"]
[Black "Sadzikowski, Daniel"]
[Result "1/2-1/2"]
[WhiteElo "2539"]
[BlackElo "2374"]
[EventDate "2020.07.21"]
[PlyCount "199"]

1.e4 e5 2.Nf3 Nc6 3.Bb5 a6 4.Ba4 Nf6 5.O-O Be7 6.d3 b5 7.Bb3 d6 8.Bd2 Bg4 
9.c3 O-O 10.Re1 Na5 11.Bc2 c5 12.Bc1 Nc6 13.h3 Be6 14.a4 h6 15.Nbd2 Re8 
16.Nf1 Bf8 17.Ne3 Qd7 18.Nh2 d5 19.exd5 Nxd5 20.Neg4 b4 21.Bd2 Qc7 22.Nf3 
bxc3 23.bxc3 Bf5 24.Nh4 Bh7 25.Qf3 Nf4 26.Nxe5 Nxh3+ 27.Qxh3 Rxe5 28.Rxe5 
Qxe5 29.d4 cxd4 30.Bxh7+ Kxh7 31.Qd3+ Kg8 32.Nf3 Qd5 33.cxd4 a5 34.Rc1 Rd8
35.Qb5 Nxd4 36.Nxd4 Qxd4 37.Bxa5 Rd5 38.Bb6 Rxb5 39.Bxd4 Rb4 40.Bc5 Bxc5 
41.Rxc5 Rxa4 42.g3 Kh7 43.Kg2 Kg6 44.f4 Ra3 45.Rb5 Rc3 46.Ra5 Rb3 47.Rc5 
Rd3 48.Ra5 Rb3 49.Rc5 Kf6 50.Ra5 Rd3 51.Kf2 g6 52.Rb5 h5 53.Ra5 Ke6 54.
Re5+ Kd6 55.Ra5 Rd5 56.Ra6+ Ke7 57.Kf3 Rb5 58.Kf2 Kf8 59.Kf3 Kg7 60.Rc6 
Kh6 61.Rc3 f5 62.Rc8 Rb7 63.Rh8+ Kg7 64.Ra8 Rb3+ 65.Kf2 Rd3 66.Rb8 Kf7 67.
Rb6 Kg7 68.Rb7+ Kh6 69.Rb8 Rc3 70.Ra8 Rc7 71.Rh8+ Kg7 72.Ra8 Rc2+ 73.Kf3 
Rc3+ 74.Kg2 Re3 75.Kf2 Re6 76.Ra7+ Kf6 77.Ra5 Rb6 78.Kg2 Ke6 79.Re5+ Kf7 
80.Ra5 Kf6 81.Rc5 Rb4 82.Kf3 Rb2 83.Rc6+ Kg7 84.Rc7+ Kh6 85.Rc8 Rb3+ 86.
Kg2 Rb6 87.Kf3 Kg7 88.Rc7+ Kf6 89.Rc5 g5 90.fxg5+ Kxg5 91.Rc4 Rb3+ 92.Kf2 
Rd3 93.Ra4 Kf6 94.Rh4 Kg5 95.Ra4 Rd1 96.Rb4 Rh1 97.Ra4 Rh2+ 98.Kf3 Rd2 99.
Rb4 Rd3+ 100.Kf2 1/2-1/2

[Event "77th POL-ch"]
[Site "Warsaw POL"]
[Date "2020.07.28"]
[Round "4.5"]
[White "Piorun, Kacper"]
[Black "Sadzikowski, Daniel"]
[Result "1-0"]
[WhiteElo "2542"]
[BlackElo "2406"]
[EventDate "2020.07.21"]
[PlyCount "108"]

1.d4 Nf6 2.Bf4 e6 3.e3 b6 4.Nd2 Be7 5.h3 O-O 6.Ngf3 c5 7.Be2 Ba6 8.O-O 
Bxe2 9.Qxe2 cxd4 10.exd4 Nc6 11.c3 d5 12.Ne1 Bd6 13.Bxd6 Qxd6 14.Nd3 Nd7 
15.Rae1 Rfe8 16.g4 b5 17.Nf3 b4 18.Rc1 Rec8 19.Kg2 a5 20.Nfe5 Ndxe5 21.
dxe5 Qe7 22.f4 bxc3 23.bxc3 d4 24.Qe4 Qd8 25.cxd4 Nxd4 26.Nc5 Nb5 27.Rfd1 
Qb6 28.Qb7 Qxb7+ 29.Nxb7 Nc3 30.Nd6 Nxd1 31.Nxc8 Ne3+ 32.Kf3 Nd5 33.Nd6 
Kf8 34.Rb1 f6 35.exf6 gxf6 36.Rb7 Kg8 37.f5 exf5 38.Nxf5 Re8 39.Rg7+ Kh8 
40.Rd7 Nb4 41.a4 Nc6 42.Rd6 Ne5+ 43.Kg3 Rf8 44.Kf4 Ng6+ 45.Ke4 Re8+ 46.Kd4
Rf8 47.Ra6 Nf4 48.h4 h5 49.gxh5 Nxh5 50.Rxa5 Ng7 51.Nxg7 Kxg7 52.Rb5 f5 
53.Ke3 Re8+ 54.Kf3 Kg6 1-0